Darwin's Forgotten world. (Record no. 1623)

000 -LEADER
fixed length control field 00968nam a22003497a 4500
001 - CONTROL NUMBER
control field 2738527
003 - CONTROL NUMBER IDENTIFIER
control field OSt
005 - DATE AND TIME OF LATEST TRANSACTION
control field 20210423060834.0
008 - FIXED-LENGTH DATA ELEMENTS--GENERAL INFORMATION
fixed length control field 790907s1978 caua 000 0 eng
010 ## - LIBRARY OF CONGRESS CONTROL NUMBER
LC control number 78051057
020 ## - INTERNATIONAL STANDARD BOOK NUMBER
International Standard Book Number 0891695133
040 ## - CATALOGING SOURCE
Original cataloging agency DLC
Transcribing agency DLC
Modifying agency DLC
Language of cataloging eng
041 ## - LANGUAGE CODE
Language code of text/sound track or separate title eng
043 ## - GEOGRAPHIC AREA CODE
Geographic area code pogg---
050 00 - LIBRARY OF CONGRESS CALL NUMBER
Classification number QH198.G3
Item number D37
080 ## - UNIVERSAL DECIMAL CLASSIFICATION NUMBER
Universal Decimal Classification number 91
Item number D-22
082 00 - DEWEY DECIMAL CLASSIFICATION NUMBER
Classification number 596/.09866/5
100 1# - MAIN ENTRY--PERSONAL NAME
Personal name Darwin, Charles,
Dates associated with a name 1809-1882.
240 10 - UNIFORM TITLE
Uniform title Forgotten world
245 10 - TITLE STATEMENT
Title Darwin's Forgotten world.
Statement of responsibility, etc. / by: Reed Books
250 ## - EDITION STATEMENT
Edition statement 1st edition
260 ## - PUBLICATION, DISTRIBUTION, ETC.
Place of publication, distribution, etc. Los Angeles
Name of publisher, distributor, etc. Reed Books
Date of publication, distribution, etc. 1978.
300 ## - PHYSICAL DESCRIPTION
Extent 176 p.
Other physical details col. ill.
Dimensions 32 cm.
365 ## - TRADE PRICE
Price amount 19.95 usd
500 ## - GENERAL NOTE
General note "A Bison book."
650 #0 - SUBJECT ADDED ENTRY--TOPICAL TERM
Topical term or geographic name entry element Natural history
Geographic subdivision Galápagos Islands
General subdivision Pictorial works.
650 #0 - SUBJECT ADDED ENTRY--TOPICAL TERM
Topical term or geographic name entry element Geography
9 (RLIN) 490
653 ## - INDEX TERM--UNCONTROLLED
Uncontrolled term გეოგრაფია
740 ## - ADDED ENTRY--UNCONTROLLED RELATED/ANALYTICAL TITLE
Uncontrolled related/analytical title Forgotten world.
906 ## - LOCAL DATA ELEMENT F, LDF (RLIN)
a 7
b cbc
c orignew
d 2
e ocip
f 19
g y-gencatlg
942 ## - ADDED ENTRY ELEMENTS (KOHA)
Source of classification or shelving scheme
Koha item type Books
Edition 1
Holdings
Withdrawn status Lost status Source of classification or shelving scheme Damaged status Not for loan Permanent location Current location Date acquired Inventory number Total Checkouts Full call number Barcode Date last seen Price effective from Koha item type
          Ken Walker International University Ken Walker International University 02/22/2021 1484   91 D-22 1484 02/22/2021 02/22/2021 Books

Powered by Koha